000 01721nam0a2200397 4500
001 RU\NLR\bibl\1658703
005 20260407235352.0
010 _a978-5-7934-0335-1
_91000
021 _aRU
_b2010-47681
_93166
035 _a(nilc)RSL-KNO-004698024
035 _a(LIBNET)LIBNET\0000028055
035 _a(NLR Aleph) 001650000
090 _a915710
_c915710
100 _a20100504d2010 |||y0rusy50 ca
101 0 _arus
102 _aRU
105 _ay |||||||||
200 1 _aНе исчезнет из памяти
_eинформационно-публицистический сборник
_fАдм. Эжвинского р-на МО ГО "Сыктывкар"
_g[сост.: Н. В. Костина]
210 _aСыктывкар
_cСевер
_d2010
215 _a51, [1] с.
_cил., портр., табл., цв. ил.
_d29
606 1 _aВеликая Отечественная война
_jКниги памяти
_xГерои и героизм
_yСыктывкар, город (Коми)
_z1941 - 1945
_92386811
_3RU\NLR\auth\661423648
686 _aТ3(2)722.9-9(2Р-6Ко-2С1Эжвинский),014.2
_2rubbk
686 _aТ3(2Р-6Ко-2С1Эжвинский)722,014.2
_2rubbk
686 _aЦ35(2)722-424д(2Р-6Ко-2С)
686 _aТ3(2)722.78
686 _aТ3(2)722.9-9(2Р-6Ко-2С)
702 1 _aКостина
_bН. В.
_4220
712 0 1 _4570
_aЭжвинский район
_cСыктывкар
_bАдминистрация
_3RU\NLR\AUTH\8810162665
_9821249
801 0 _aRU
_bНБР Коми
_c20100504
_grcr
801 1 _aRU
_bНБР Коми
_c20100504
801 1 _aRU
_bRuMoRGB
_c20100504
801 2 _aRU
_bNLR
_c20100728
_grcr
942 _cBOOK
980 _aNB
980 _aNBR